| 000 | 00552nam a2200193 a 4500 | ||
|---|---|---|---|
| 005 | 20140310183155.0 | ||
| 008 | 970101s19uu xx 00 eng d | ||
| 020 | _a0394393333 | ||
| 020 | _a0394393759 | ||
| 050 |
_aQA 76.9.D3 _b.P945 1988 |
||
| 100 | _aPrice, Wilson | ||
| 245 |
_aRelational database : _busing d Base III plus / _cWilson Price. |
||
| 260 |
_aSanta Cruz, CA : _bMitchell Pub., _c1988. |
||
| 300 |
_aXii, 356 p. : _bill. ; _c28 cm. |
||
| 521 | _aIT | ||
| 650 | _adBase ( Computer program) | ||
| 942 |
_cBK _2lcc _kFOR |
||
| 999 |
_c19730 _d19730 |
||